| 000 | 01531nam a22001577a 4500 | ||
|---|---|---|---|
| 041 | _aukr | ||
| 080 | _a09 | ||
| 090 | _bЧЕП | ||
| 100 | _aЧепела, М. М. | ||
| 245 | _aДвомовний глосарій термінів законодавчих актів Великобританії та України | ||
| 260 |
_aОстрог _bКАФ _c2014 |
||
| 300 | _a96 | ||
| 520 |
_aВступ.
Розділ І. Лінгвістична природа юридичного терміна.
1.1. Термін як поняття в лінгвістиці
1.2. Особливості семантики та генезису термінів, розвиток юридичної терміносистеми та термінотворення
1.3. Поняття "термінологія" та "терміносистема", визначення поняття юридичної терміносистеми
1.4. Семантичні звязки в терміносистемі загалом та в юридичній терміносистемі зокрема
1.5. Поняття глосарію. Методологія його укладення
Розділ ІІ. Глосарій термінів законодавчих актів Великобританії та України.
Висновки.
Список використаної літератури.
Додатки. _0термінологія, терміносистема, Великобританія |
||
| 650 | _aResearch Papers | ||
| 999 |
_c285375 _d285375 |
||
| 942 | _cBK | ||